00777nam a22002657a 45000010005000000030006000050050017000110080041000280200017000690400029000860500008001150820010001231000014001332450032001472500040001792600047002193000046002665000006003125050007003185200083003255210028004085210018004366500022004546500035004768586FISKH20251002101642.0251002b cb ||||| |||| 00| 0 eng d a708431212053 aFISKHbengcFISKHdFISKH aPZ7 a372.4 aAnonymous aPet Pals sticker story time aThis edition is published in 2012.  aEmeryville :bLeapFrog Enterprises, c1999 a28 pages :bcolor illustrations ; c24 cm aE aE  aGet creative and design doggy tales with interactive stickers and story pages.8 a200 bLexile estimate 8 aE bRaz-Plus  aStickervChildren aArt activity vPuppy cut outs